000 00762nam a22002177a 4500
003 SEM
005 20240522164239.0
008 240521s2022 ai ||||gr||||||01|0|arm|d
020 _a978-99930-0-306-9
040 _aSEM
_cSEM
041 _aarm
080 _a891.981-1/Ս-15
100 _aՍահյան, Համո Սահակի
_d(1914-1993)
245 _aՔարափների երգը :
_bԲանաստեղծություններ /
_cՀ. Սահյան ; Խմբ․՝ Գ․ Դանիելյան
260 _aԵրևան :
_bՈսկան Երևանցի հրատ.,
_c2022.
300 _a159 էջ ;
_c17 սմ
650 _aՀայ գրականություն
_xպոեզիա
653 _aՍԷՄ
700 _aԴանիելյան, Գոհար
_eխմբ․
_4edt.
942 _2udc
_cBK
_n0
999 _c74846
_d74846